Normal view
MARC view
- Eichblatt, E. J
Entry Personal Name
001 - CONTROL NUMBER
- control field: 66222
003 - CONTROL NUMBER IDENTIFIER
- control field: NUST
005 - DATE AND TIME OF LATEST TRANSACTION
- control field: 20210628203543.0
008 - FIXED-LENGTH DATA ELEMENTS
- fixed length control field: 210628|| aca||aabn | a|a d
040 ## - CATALOGING SOURCE
- Original cataloging agency: NUST
- Transcribing agency: NUST
100 ## - HEADING--PERSONAL NAME
- Personal name: Eichblatt, E. J
670 ## - SOURCE DATA FOUND
- Source citation: Work cat.: (NUST): Eichblatt, E. J, Test and evaluation of the tactical missile , progress in astronautics and aeronautics, 1989
